[Event "Poznan Chess Festival"]
[Site "chess24.com"]
[Date "2021.08.21"]
[Round "8"]
[White "Maj, Pawel"]
[Black "Jaskolka, Tomasz"]
[Result "1/2-1/2"]
[Board "3"]
[WhiteElo "2113"]
[WhiteCountry "POL"]
[WhiteFideId "21818290"]
[WhiteEloChange "3"]
[BlackElo "2220"]
[BlackTitle "CM"]
[BlackCountry "POL"]
[BlackFideId "1170791"]
[BlackEloChange "-3"]

1. d4 {[%clk 1:30:58]} Nf6 {[%clk 1:30:47]} 2. c4 {[%clk 1:31:22]} g6 {[%clk
1:31:13]} 3. Nc3 {[%clk 1:31:46]} d5 {[%clk 1:31:41]} 4. cxd5 {[%clk 1:32:10]}
Nxd5 {[%clk 1:32:07]} 5. e4 {[%clk 1:32:34]} Nxc3 {[%clk 1:32:33]} 6. bxc3 {[%clk
1:33:00]} Bg7 {[%clk 1:32:59]} 7. Bc4 {[%clk 1:33:22]} c5 {[%clk 1:33:25]} 8. Ne2
{[%clk 1:33:44]} Nc6 {[%clk 1:33:30]} 9. Be3 {[%clk 1:33:59]} O-O {[%clk
1:33:50]} 10. O-O {[%clk 1:34:22]} Bd7 {[%clk 1:33:59]} 11. Qd2 {[%clk 1:32:12]}
cxd4 {[%clk 1:29:36]} 12. cxd4 {[%clk 1:32:33]} Qa5 {[%clk 1:29:26]} 13. Rab1
{[%clk 1:28:29]} Rab8 {[%clk 1:04:27]} 14. Qxa5 {[%clk 1:24:44]} Nxa5 {[%clk
1:04:53]} 15. Bd3 {[%clk 1:25:07]} f5 {[%clk 0:33:39]} 16. f3 {[%clk 1:20:59]}
Rbc8 {[%clk 0:26:46]} 17. Rfc1 {[%clk 1:20:36]} e6 {[%clk 0:20:14]} 18. Rxc8
{[%clk 1:16:47]} Bxc8 {[%clk 0:16:22]} 19. Rc1 {[%clk 1:16:08]} Nc6 {[%clk
0:16:13]} 20. Bb5 {[%clk 1:14:58]} fxe4 {[%clk 0:13:42]} 21. fxe4 {[%clk
1:15:11]} Bd7 {[%clk 0:14:00]} 22. d5 {[%clk 1:11:18]} exd5 {[%clk 0:14:21]} 23.
exd5 {[%clk 1:11:33]} Nd4 {[%clk 0:10:22]} 24. Bxd4 {[%clk 1:02:10]} Bxb5 {[%clk
0:10:47]} 25. Bxg7 {[%clk 1:02:34]} Kxg7 {[%clk 0:11:11]} 26. Nd4 {[%clk
1:02:59]} Bd7 {[%clk 0:11:38]} 27. Rc7 {[%clk 1:03:20]} Rf7 {[%clk 0:12:04]} 28.
Rxb7 {[%clk 1:03:31]} Kf6 {[%clk 0:08:18]} 29. Nc6 {[%clk 1:00:45]} Be8 {[%clk
0:03:34]} 30. Rxf7+ {[%clk 0:59:49]} Bxf7 {[%clk 0:03:56]} 31. Nxa7 {[%clk
0:53:04]} Ke5 {[%clk 0:03:51]} 32. Nb5 {[%clk 0:52:23]} Kxd5 {[%clk 0:03:28]} 33.
a3 {[%clk 0:52:05]} Kc5 {[%clk 0:03:04]} 34. Nc3 {[%clk 0:52:28]} Kd4 {[%clk
0:02:28]} 35. Nd1 {[%clk 0:52:20]} Bb3 {[%clk 0:01:37]} 36. Nf2 {[%clk 0:52:41]}
Kc3 {[%clk 0:01:29]} 37. Ne4+ {[%clk 0:51:35]} Kb2 {[%clk 0:01:35]} 38. Nf6
{[%clk 0:51:44]} h6 {[%clk 0:00:57]} 39. Ng4 {[%clk 0:52:05]} h5 {[%clk 0:01:15]}
40. Ne5 {[%clk 0:52:23]} g5 {[%clk 0:00:55]} 41. Nf3 {[%clk 0:51:28]} g4 {[%clk
0:01:05]} 42. Nh4 {[%clk 0:49:08]} Kxa3 {[%clk 0:01:11]} 43. Kf2 {[%clk 0:49:25]}
Kb4 {[%clk 0:01:17]} 44. Nf5 {[%clk 0:49:45]} Kc5 {[%clk 0:01:12]} 45. Kg3 {[%clk
0:50:04]} Bd5 {[%clk 0:01:04]} 46. Ne3 {[%clk 0:48:34]} Be6 {[%clk 0:00:34]} 47.
Kf4 {[%clk 0:45:05]} Kd6 {[%clk 0:00:38]} 48. Kg5 {[%clk 0:45:17]} Ke5 {[%clk
0:00:36]} 49. g3 {[%clk 0:44:25]} Ke4 {[%clk 0:01:00]} 50. Ng2 {[%clk 0:44:33]}
Kf3 {[%clk 0:00:44]} 51. Nf4 {[%clk 0:43:22]} Bf7 {[%clk 0:01:08]} 52. Nxh5
{[%clk 0:43:33]} Kg2 {[%clk 0:01:15]} 53. Kxg4 {[%clk 0:43:23]} Kxh2 {[%clk
0:01:28]} 54. Ng7 {[%clk 0:43:27]} Bb3 {[%clk 0:01:27]} 55. Kf4 {[%clk 0:43:22]}
Bd1 {[%clk 0:01:41]} 56. Nf5 {[%clk 0:43:35]} Be2 {[%clk 0:01:24]} 57. g4 {[%clk
0:42:04]} Bxg4 {[%clk 0:01:48]} 58. Ke4 {[%clk 0:42:16]} 1/2-1/2

[Event "Poznan Chess Festival"]
[Site "chess24.com"]
[Date "2021.08.21"]
[Round "8"]
[White "Michalski, Karol"]
[Black "Stempin, Pawel"]
[Result "1-0"]
[Board "4"]
[WhiteElo "2010"]
[WhiteCountry "POL"]
[WhiteFideId "1110845"]
[WhiteEloChange "18"]
[BlackElo "2356"]
[BlackTitle "IM"]
[BlackCountry "POL"]
[BlackFideId "1100068"]
[BlackEloChange "-18"]

1. d4 {[%clk 1:30:57]} Nf6 {[%clk 1:30:22]} 2. c4 {[%clk 1:31:20]} c6 {[%clk
1:30:45]} 3. Nc3 {[%clk 1:31:36]} d5 {[%clk 1:31:05]} 4. Nf3 {[%clk 1:31:55]}
dxc4 {[%clk 1:31:16]} 5. e3 {[%clk 1:30:03]} b5 {[%clk 1:30:43]} 6. a4 {[%clk
1:29:44]} b4 {[%clk 1:30:26]} 7. Na2 {[%clk 1:30:07]} a5 {[%clk 1:27:14]} 8. Ne5
{[%clk 1:25:15]} e6 {[%clk 1:23:15]} 9. g4 {[%clk 1:01:24]} Nfd7 {[%clk 1:14:18]}
10. Nxc4 {[%clk 1:01:08]} Be7 {[%clk 1:14:10]} 11. h4 {[%clk 0:57:46]} Bb7 {[%clk
1:05:45]} 12. Bg2 {[%clk 0:55:10]} O-O {[%clk 1:03:35]} 13. g5 {[%clk 0:54:49]}
Ra7 {[%clk 1:02:41]} 14. g6 {[%clk 0:49:22]} hxg6 {[%clk 0:41:32]} 15. h5 {[%clk
0:49:42]} g5 {[%clk 0:41:51]} 16. b3 {[%clk 0:31:16]} Nf6 {[%clk 0:30:41]} 17.
Bb2 {[%clk 0:29:55]} Nbd7 {[%clk 0:30:50]} 18. Nc1 {[%clk 0:30:03]} Nd5 {[%clk
0:24:36]} 19. Nd3 {[%clk 0:27:04]} f6 {[%clk 0:18:31]} 20. Qc2 {[%clk 0:25:04]}
N7b6 {[%clk 0:13:20]} 21. h6 {[%clk 0:19:34]} Qe8 {[%clk 0:13:12]} 22. hxg7
{[%clk 0:16:58]} Kxg7 {[%clk 0:13:29]} 23. Nf4 {[%clk 0:15:52]} Rh8 {[%clk
0:13:18]} 24. Nxe6+ {[%clk 0:14:27]} Kf7 {[%clk 0:13:20]} 25. Rh7+ {[%clk
0:14:51]} Kxe6 {[%clk 0:12:15]} 26. Bh3+ {[%clk 0:15:14]} 1-0

[Event "Poznan Chess Festival"]
[Site "chess24.com"]
[Date "2021.08.21"]
[Round "8"]
[White "Nowak, Mikolaj"]
[Black "Kabzinski, Jan"]
[Result "1-0"]
[Board "5"]
[WhiteElo "2313"]
[WhiteCountry "POL"]
[WhiteFideId "1191365"]
[WhiteEloChange "2"]
[BlackElo "1532"]
[BlackCountry "POL"]
[BlackFideId "21875146"]
[BlackEloChange "-2"]

1. f4 {[%clk 1:30:53]} c5 {[%clk 1:30:44]} 2. Nf3 {[%clk 1:31:17]} g6 {[%clk
1:30:55]} 3. g3 {[%clk 1:31:42]} Bg7 {[%clk 1:31:22]} 4. Bg2 {[%clk 1:32:05]} Nc6
{[%clk 1:30:53]} 5. O-O {[%clk 1:32:25]} d6 {[%clk 1:31:12]} 6. e4 {[%clk
1:32:34]} e5 {[%clk 1:31:34]} 7. fxe5 {[%clk 1:32:10]} dxe5 {[%clk 1:31:56]} 8.
d3 {[%clk 1:32:34]} Nge7 {[%clk 1:32:03]} 9. c4 {[%clk 1:32:26]} O-O {[%clk
1:32:07]} 10. Nc3 {[%clk 1:32:57]} f6 {[%clk 1:26:28]} 11. Be3 {[%clk 1:31:09]}
b6 {[%clk 1:24:59]} 12. Nd5 {[%clk 1:30:18]} Be6 {[%clk 1:24:53]} 13. a3 {[%clk
1:28:14]} Nd4 {[%clk 1:21:08]} 14. Nxd4 {[%clk 1:25:32]} cxd4 {[%clk 1:17:39]}
15. Bd2 {[%clk 1:25:40]} Rf7 {[%clk 1:16:33]} 16. b4 {[%clk 1:23:23]} Qd7 {[%clk
1:15:09]} 17. a4 {[%clk 1:21:04]} Rb8 {[%clk 1:09:26]} 18. Rf2 {[%clk 1:18:27]}
f5 {[%clk 1:07:07]} 19. Rc1 {[%clk 1:06:10]} h6 {[%clk 1:01:40]} 20. b5 {[%clk
1:01:45]} g5 {[%clk 0:57:11]} 21. Nxe7+ {[%clk 0:59:15]} Qxe7 {[%clk 0:57:21]}
22. exf5 {[%clk 0:59:38]} Rxf5 {[%clk 0:55:38]} 23. Rxf5 {[%clk 0:51:37]} Bxf5
{[%clk 0:56:05]} 24. Qb3 {[%clk 0:51:21]} Be6 {[%clk 0:54:55]} 25. Bb4 {[%clk
0:47:20]} Qf7 {[%clk 0:54:18]} 26. Rf1 {[%clk 0:46:21]} Qh5 {[%clk 0:54:00]} 27.
Bd5 {[%clk 0:44:26]} Bxd5 {[%clk 0:51:20]} 28. cxd5 {[%clk 0:44:30]} Kh8 {[%clk
0:46:39]} 29. d6 {[%clk 0:44:11]} Qe8 {[%clk 0:44:57]} 30. Rf7 {[%clk 0:40:31]}
Rd8 {[%clk 0:43:52]} 31. Rxa7 {[%clk 0:38:20]} e4 {[%clk 0:43:56]} 32. Re7 {[%clk
0:38:11]} Ra8 {[%clk 0:43:55]} 1-0

[Event "Poznan Chess Festival"]
[Site "chess24.com"]
[Date "2021.08.21"]
[Round "8"]
[White "Glatty, Zbigniew"]
[Black "Zakrzewski, Marek"]
[Result "1/2-1/2"]
[Board "6"]
[WhiteElo "1840"]
[WhiteCountry "POL"]
[WhiteFideId "1171305"]
[WhiteEloChange "8"]
[BlackElo "2295"]
[BlackTitle "FM"]
[BlackCountry "POL"]
[BlackFideId "1170694"]
[BlackEloChange "-8"]

1. e4 {[%clk 1:28:26]} c5 {[%clk 1:30:40]} 2. Nf3 {[%clk 1:28:51]} e6 {[%clk
1:31:01]} 3. d4 {[%clk 1:29:17]} cxd4 {[%clk 1:31:24]} 4. Nxd4 {[%clk 1:29:43]}
Nc6 {[%clk 1:31:45]} 5. Nc3 {[%clk 1:29:17]} Qc7 {[%clk 1:32:09]} 6. Be3 {[%clk
1:27:45]} a6 {[%clk 1:32:31]} 7. Be2 {[%clk 1:27:42]} Nf6 {[%clk 1:32:53]} 8. O-O
{[%clk 1:27:15]} Bb4 {[%clk 1:33:10]} 9. Na4 {[%clk 1:26:56]} Be7 {[%clk
1:33:19]} 10. c4 {[%clk 1:25:53]} Nxe4 {[%clk 1:33:20]} 11. Nxc6 {[%clk 1:25:29]}
bxc6 {[%clk 1:29:58]} 12. Qd4 {[%clk 1:24:33]} Nf6 {[%clk 1:27:39]} 13. c5 {[%clk
1:23:09]} e5 {[%clk 1:23:33]} 14. Qc4 {[%clk 1:20:52]} a5 {[%clk 1:05:19]} 15.
Nb6 {[%clk 1:20:27]} Ra7 {[%clk 1:05:31]} 16. Nxc8 {[%clk 1:20:46]} Qxc8 {[%clk
1:05:56]} 17. b3 {[%clk 1:15:08]} O-O {[%clk 1:04:00]} 18. a3 {[%clk 1:14:56]}
Nd5 {[%clk 1:00:00]} 19. Bd2 {[%clk 1:12:38]} Qb7 {[%clk 0:56:57]} 20. b4 {[%clk
1:07:46]} axb4 {[%clk 0:57:04]} 21. axb4 {[%clk 1:08:07]} Rfa8 {[%clk 0:53:43]}
22. Rxa7 {[%clk 1:08:18]} Qxa7 {[%clk 0:53:49]} 23. Bf3 {[%clk 1:06:51]} Qa2
{[%clk 0:50:00]} 24. Qc1 {[%clk 1:00:20]} Rb8 {[%clk 0:41:20]} 25. Re1 {[%clk
0:58:23]} Nxb4 {[%clk 0:39:34]} 26. Bxb4 {[%clk 0:56:18]} Rxb4 {[%clk 0:40:00]}
27. Qc3 {[%clk 0:56:29]} Rb1 {[%clk 0:31:16]} 28. Qxe5 {[%clk 0:56:39]} Bxc5
{[%clk 0:30:28]} 29. Qe8+ {[%clk 0:54:47]} Bf8 {[%clk 0:30:52]} 30. g3 {[%clk
0:54:49]} Rxe1+ {[%clk 0:27:47]} 31. Qxe1 {[%clk 0:55:16]} Qe6 {[%clk 0:26:55]}
32. Qc3 {[%clk 0:55:08]} Be7 {[%clk 0:24:51]} 33. h4 {[%clk 0:53:43]} Bf6 {[%clk
0:23:26]} 34. Qb4 {[%clk 0:52:18]} g6 {[%clk 0:21:04]} 35. Bg4 {[%clk 0:52:06]}
Qd5 {[%clk 0:21:23]} 36. Qb8+ {[%clk 0:51:18]} Kg7 {[%clk 0:21:47]} 37. Qb7
{[%clk 0:48:56]} d6 {[%clk 0:21:23]} 38. Bd7 {[%clk 0:49:11]} Qd1+ {[%clk
0:18:04]} 39. Kg2 {[%clk 0:49:26]} Qd5+ {[%clk 0:15:50]} 40. Kg1 {[%clk 0:49:07]}
Bd4 {[%clk 0:15:07]} 41. Qxc6 {[%clk 0:48:31]} Qa5 {[%clk 0:14:17]} 42. Qf3
{[%clk 0:45:57]} Qc5 {[%clk 0:12:34]} 43. Ba4 {[%clk 0:42:09]} Qb6 {[%clk
0:10:28]} 44. Kg2 {[%clk 0:40:44]} Qb2 {[%clk 0:09:23]} 45. Bc6 {[%clk 0:40:19]}
Bc5 {[%clk 0:09:16]} 46. Bd5 {[%clk 0:40:34]} f5 {[%clk 0:09:38]} 47. h5 {[%clk
0:38:02]} Qd4 {[%clk 0:09:48]} 48. hxg6 {[%clk 0:38:09]} hxg6 {[%clk 0:10:16]}
49. Bc6 {[%clk 0:34:49]} Kf6 {[%clk 0:09:28]} 50. Qe2 {[%clk 0:32:37]} Bb6 {[%clk
0:06:21]} 51. Bd7 {[%clk 0:31:59]} Qd5+ {[%clk 0:05:51]} 52. Qf3 {[%clk 0:32:21]}
Qd2 {[%clk 0:05:44]} 53. Bc6 {[%clk 0:30:12]} Kg5 {[%clk 0:05:42]} 54. Be8 {[%clk
0:28:43]} Kf6 {[%clk 0:04:59]} 55. Bc6 {[%clk 0:29:05]} Kg7 {[%clk 0:05:20]} 56.
Ba8 {[%clk 0:29:14]} Bc5 {[%clk 0:05:37]} 57. Qb7+ {[%clk 0:29:26]} Kf6 {[%clk
0:05:44]} 58. Qf3 {[%clk 0:29:47]} Ke5 {[%clk 0:05:00]} 59. Bc6 {[%clk 0:29:46]}
d5 {[%clk 0:03:46]} 60. Qf4+ {[%clk 0:26:20]} Qxf4 {[%clk 0:04:10]} 61. gxf4+
{[%clk 0:26:46]} Ke6 {[%clk 0:03:14]} 62. Be8 {[%clk 0:26:32]} Kf6 {[%clk
0:03:43]} 63. Kf3 {[%clk 0:26:46]} Ba3 {[%clk 0:03:54]} 64. Ke3 {[%clk 0:25:21]}
Bb2 {[%clk 0:04:19]} 65. Bc6 {[%clk 0:25:14]} Ke6 {[%clk 0:04:31]} 66. Be8 {[%clk
0:25:29]} Bc1+ {[%clk 0:04:49]} 67. Kd4 {[%clk 0:25:32]} Bb2+ {[%clk 0:05:13]}
68. Kd3 {[%clk 0:25:12]} Kf6 {[%clk 0:05:28]} 69. Bc6 {[%clk 0:25:27]} Ke6 {[%clk
0:05:48]} 70. Be8 {[%clk 0:25:43]} Bc1 {[%clk 0:06:16]} 71. Bxg6 {[%clk 0:25:57]}
Bxf4 {[%clk 0:06:44]} 72. f3 {[%clk 0:26:06]} Ke5 {[%clk 0:07:11]} 73. Be8 {[%clk
0:26:02]} Bc1 {[%clk 0:07:39]} 74. Bc6 {[%clk 0:25:56]} Ba3 {[%clk 0:08:07]} 75.
Bb7 {[%clk 0:25:49]} Bc5 {[%clk 0:08:35]} 76. Ba8 {[%clk 0:26:08]} d4 {[%clk
0:08:56]} 77. Bb7 {[%clk 0:26:26]} Kf4 {[%clk 0:09:25]} 78. Ba8 {[%clk 0:26:46]}
Kg3 {[%clk 0:09:53]} 79. Bb7 {[%clk 0:27:05]} Kf2 {[%clk 0:10:22]} 80. Bc8 {[%clk
0:26:59]} f4 {[%clk 0:10:50]} 81. Bb7 {[%clk 0:27:20]} Kg3 {[%clk 0:11:18]} 82.
Ba8 {[%clk 0:27:37]} Kf2 {[%clk 0:11:43]} 83. Bb7 {[%clk 0:28:02]} Kg3 {[%clk
0:12:09]} 84. Ba8 {[%clk 0:28:23]} Kf2 {[%clk 0:12:35]} 85. Bb7 {[%clk 0:28:46]}
Kg3 {[%clk 0:13:01]} 86. Ke4 {[%clk 0:28:58]} 1/2-1/2

[Event "Poznan Chess Festival"]
[Site "chess24.com"]
[Date "2021.08.21"]
[Round "8"]
[White "Kaczmarek, Jan"]
[Black "Lanin, Boris Dr"]
[Result "1/2-1/2"]
[Board "8"]
[WhiteElo "1337"]
[WhiteCountry "POL"]
[WhiteFideId "21059276"]
[WhiteEloChange "8"]
[BlackElo "1949"]
[BlackCountry "RUS"]
[BlackFideId "4198166"]
[BlackEloChange "-8"]

1. e4 {[%clk 1:30:58]} e5 {[%clk 1:30:16]} 2. Nf3 {[%clk 1:31:20]} Nc6 {[%clk
1:30:23]} 3. Bc4 {[%clk 1:31:44]} Nf6 {[%clk 1:30:47]} 4. Ng5 {[%clk 1:32:02]} d5
{[%clk 1:31:11]} 5. exd5 {[%clk 1:32:27]} Na5 {[%clk 1:31:37]} 6. Bb5+ {[%clk
1:32:52]} c6 {[%clk 1:32:01]} 7. dxc6 {[%clk 1:33:18]} bxc6 {[%clk 1:32:25]} 8.
Bd3 {[%clk 1:33:24]} Nd5 {[%clk 1:32:29]} 9. Nf3 {[%clk 1:33:00]} Nf4 {[%clk
1:29:21]} 10. Bf1 {[%clk 1:32:31]} e4 {[%clk 1:26:17]} 11. d3 {[%clk 1:27:16]}
exf3 {[%clk 1:20:28]} 12. Bxf4 {[%clk 1:27:36]} Qe7+ {[%clk 1:04:05]} 13. Be3
{[%clk 1:27:50]} Qb4+ {[%clk 1:04:10]} 14. Bd2 {[%clk 1:22:16]} Qe7+ {[%clk
1:04:12]} 15. Be3 {[%clk 1:22:39]} Qb4+ {[%clk 1:04:38]} 1/2-1/2

[Event "Poznan Chess Festival"]
[Site "chess24.com"]
[Date "2021.08.21"]
[Round "8"]
[White "Andrzejewska, Anna"]
[Black "Kowalewicz, Kacper"]
[Result "1/2-1/2"]
[Board "9"]
[WhiteElo "1948"]
[WhiteTitle "WCM"]
[WhiteCountry "POL"]
[WhiteFideId "1127284"]
[WhiteEloChange "-5"]
[BlackElo "1778"]
[BlackCountry "POL"]
[BlackFideId "1151339"]
[BlackEloChange "5"]

1. e4 {[%clk 1:30:59]} e5 {[%clk 1:30:54]} 2. Nf3 {[%clk 1:31:21]} Nf6 {[%clk
1:31:19]} 3. Nxe5 {[%clk 1:31:37]} d6 {[%clk 1:31:25]} 4. Nf3 {[%clk 1:31:59]}
Nxe4 {[%clk 1:31:49]} 5. Nc3 {[%clk 1:32:13]} Nxc3 {[%clk 1:31:36]} 6. dxc3
{[%clk 1:32:35]} Nc6 {[%clk 1:31:31]} 7. Be3 {[%clk 1:30:14]} Be7 {[%clk
1:25:15]} 8. Qd2 {[%clk 1:30:10]} Bf6 {[%clk 1:18:49]} 9. O-O-O {[%clk 1:29:19]}
Be6 {[%clk 1:18:07]} 10. Ng5 {[%clk 1:15:44]} Bxg5 {[%clk 1:16:40]} 11. Bxg5
{[%clk 1:15:59]} Qd7 {[%clk 1:17:09]} 12. Kb1 {[%clk 1:13:07]} h6 {[%clk
1:16:44]} 13. Be3 {[%clk 1:09:44]} O-O-O {[%clk 1:10:33]} 14. Bb5 {[%clk
1:07:07]} a6 {[%clk 1:10:50]} 15. Ba4 {[%clk 0:59:31]} Rhe8 {[%clk 1:09:21]} 16.
h4 {[%clk 0:47:56]} f6 {[%clk 1:04:12]} 17. Rhe1 {[%clk 0:38:41]} Re7 {[%clk
1:02:52]} 18. f3 {[%clk 0:34:16]} Rde8 {[%clk 0:59:47]} 19. Bf2 {[%clk 0:31:47]}
b5 {[%clk 0:57:32]} 20. Bb3 {[%clk 0:31:44]} Bxb3 {[%clk 0:57:55]} 21. axb3
{[%clk 0:31:00]} Rxe1 {[%clk 0:57:24]} 22. Rxe1 {[%clk 0:31:01]} Rxe1+ {[%clk
0:57:49]} 23. Qxe1 {[%clk 0:30:48]} Qe7 {[%clk 0:58:14]} 24. Qxe7 {[%clk
0:26:49]} Nxe7 {[%clk 0:58:34]} 25. b4 {[%clk 0:24:55]} Kd7 {[%clk 0:58:53]} 26.
Kc1 {[%clk 0:24:06]} h5 {[%clk 0:55:17]} 27. Kd2 {[%clk 0:23:23]} Ke6 {[%clk
0:54:02]} 28. Kd3 {[%clk 0:17:57]} Nc6 {[%clk 0:53:52]} 29. b3 {[%clk 0:15:17]}
Kf5 {[%clk 0:52:46]} 30. g3 {[%clk 0:12:13]} g5 {[%clk 0:52:40]} 31. hxg5 {[%clk
0:11:01]} fxg5 {[%clk 0:51:30]} 32. Be1 {[%clk 0:05:49]} Ne5+ {[%clk 0:50:03]}
33. Ke3 {[%clk 0:06:15]} c5 {[%clk 0:46:35]} 34. bxc5 {[%clk 0:03:03]} dxc5
{[%clk 0:46:50]} 35. b4 {[%clk 0:03:05]} Nc6 {[%clk 0:46:07]} 36. Kd3 {[%clk
0:02:22]} a5 {[%clk 0:46:10]} 37. bxa5 {[%clk 0:02:37]} Nxa5 {[%clk 0:45:38]} 38.
Bf2 {[%clk 0:02:51]} c4+ {[%clk 0:42:33]} 39. Kd4 {[%clk 0:02:10]} Nc6+ {[%clk
0:36:17]} 40. Kc5 {[%clk 0:02:26]} Ne5 {[%clk 0:36:42]} 41. Kxb5 {[%clk 0:02:46]}
Nxf3 {[%clk 0:35:37]} 42. Kxc4 {[%clk 0:03:11]} Nd2+ {[%clk 0:35:58]} 43. Kd5
{[%clk 0:03:05]} Ne4 {[%clk 0:36:12]} 44. Be1 {[%clk 0:03:27]} h4 {[%clk
0:32:00]} 45. gxh4 {[%clk 0:03:25]} gxh4 {[%clk 0:32:25]} 46. Bxh4 {[%clk
0:02:50]} Nxc3+ {[%clk 0:32:51]} 47. Kc4 {[%clk 0:02:16]} Ne4 {[%clk 0:32:55]}
48. Be7 {[%clk 0:02:15]} Ke6 {[%clk 0:33:19]} 49. Bb4 {[%clk 0:02:15]} Kd7 {[%clk
0:33:36]} 50. Kd4 {[%clk 0:01:45]} Ng3 {[%clk 0:34:01]} 51. c4 {[%clk 0:01:55]}
Kc6 {[%clk 0:34:26]} 52. Be1 {[%clk 0:02:02]} 1/2-1/2

[Event "Poznan Chess Festival"]
[Site "chess24.com"]
[Date "2021.08.21"]
[Round "8"]
[White "Schmidt, Wlodzimierz"]
[Black "Nowak, Roksana"]
[Result "1-0"]
[Board "10"]
[WhiteElo "2219"]
[WhiteTitle "GM"]
[WhiteCountry "POL"]
[WhiteFideId "1100041"]
[WhiteEloChange "2"]
[BlackElo "1561"]
[BlackCountry "POL"]
[BlackFideId "21847991"]
[BlackEloChange "-2"]

1. d4 {[%clk 1:30:45]} Nf6 {[%clk 1:30:48]} 2. c4 {[%clk 1:30:56]} g6 {[%clk
1:31:04]} 3. Nc3 {[%clk 1:31:08]} Bg7 {[%clk 1:31:26]} 4. e4 {[%clk 1:31:19]} d6
{[%clk 1:31:33]} 5. Nf3 {[%clk 1:30:47]} O-O {[%clk 1:31:43]} 6. Be2 {[%clk
1:30:51]} e5 {[%clk 1:28:36]} 7. O-O {[%clk 1:30:34]} Nc6 {[%clk 1:28:38]} 8. d5
{[%clk 1:27:02]} Ne7 {[%clk 1:29:02]} 9. Ne1 {[%clk 1:24:25]} Nd7 {[%clk
1:27:13]} 10. Nd3 {[%clk 1:24:23]} f5 {[%clk 1:24:54]} 11. Bd2 {[%clk 1:22:57]}
Nf6 {[%clk 1:20:41]} 12. f3 {[%clk 1:23:09]} f4 {[%clk 1:15:47]} 13. c5 {[%clk
1:23:23]} a6 {[%clk 1:05:31]} 14. a4 {[%clk 1:07:28]} h5 {[%clk 1:00:43]} 15. a5
{[%clk 1:06:59]} Bd7 {[%clk 0:51:50]} 16. Na4 {[%clk 0:52:59]} Bxa4 {[%clk
0:45:45]} 17. Qxa4 {[%clk 0:47:22]} Ne8 {[%clk 0:35:03]} 18. Rfc1 {[%clk
0:47:16]} c6 {[%clk 0:32:27]} 19. cxd6 {[%clk 0:33:29]} Nxd6 {[%clk 0:31:56]} 20.
Nc5 {[%clk 0:28:48]} Qb8 {[%clk 0:26:47]} 21. Kf1 {[%clk 0:20:13]} Rd8 {[%clk
0:22:15]} 22. dxc6 {[%clk 0:16:54]} Nxc6 {[%clk 0:18:21]} 23. Nxa6 {[%clk
0:16:25]} bxa6 {[%clk 0:18:06]} 24. Rxc6 {[%clk 0:16:12]} Nxe4 {[%clk 0:16:13]}
25. Qxe4 {[%clk 0:15:42]} Rxd2 {[%clk 0:16:19]} 26. Bc4+ {[%clk 0:15:14]} Kf8
{[%clk 0:15:47]} 27. Qxg6 {[%clk 0:14:13]} Qa7 {[%clk 0:15:22]} 28. Rb6 {[%clk
0:10:41]} Qd7 {[%clk 0:14:39]} 29. Re1 {[%clk 0:10:13]} Rd8 {[%clk 0:11:53]} 30.
Qh7 {[%clk 0:09:09]} Rf2+ {[%clk 0:10:04]} 31. Kg1 {[%clk 0:08:26]} 1-0

[Event "Poznan Chess Festival"]
[Site "chess24.com"]
[Date "2021.08.21"]
[Round "8"]
[White "Szafranski, Maciej"]
[Black "Raczynski, Krzysztof"]
[Result "0-1"]
[Board "11"]
[WhiteElo "1526"]
[WhiteCountry "POL"]
[WhiteFideId "21805580"]
[WhiteEloChange "-2"]
[BlackElo "2212"]
[BlackCountry "POL"]
[BlackFideId "1172549"]
[BlackEloChange "2"]

1. c4 {[%clk 1:30:57]} f5 {[%clk 1:30:45]} 2. d3 {[%clk 1:31:19]} e5 {[%clk
1:30:43]} 3. Nf3 {[%clk 1:30:39]} Nc6 {[%clk 1:30:47]} 4. g3 {[%clk 1:30:37]} Nf6
{[%clk 1:30:44]} 5. Bg2 {[%clk 1:30:46]} g6 {[%clk 1:30:24]} 6. O-O {[%clk
1:30:47]} Bg7 {[%clk 1:30:34]} 7. Nc3 {[%clk 1:30:07]} d6 {[%clk 1:30:21]} 8. Rb1
{[%clk 1:28:51]} O-O {[%clk 1:29:53]} 9. e3 {[%clk 1:26:30]} h6 {[%clk 1:28:35]}
10. b4 {[%clk 1:25:08]} g5 {[%clk 1:27:25]} 11. b5 {[%clk 1:17:07]} Ne7 {[%clk
1:27:37]} 12. a4 {[%clk 1:16:37]} Be6 {[%clk 1:22:55]} 13. Nd2 {[%clk 1:15:04]}
Rb8 {[%clk 1:22:31]} 14. Qe2 {[%clk 1:10:28]} Qd7 {[%clk 1:17:08]} 15. Re1 {[%clk
1:09:46]} Rfe8 {[%clk 1:05:43]} 16. Nb3 {[%clk 1:05:30]} b6 {[%clk 1:02:23]} 17.
d4 {[%clk 1:01:11]} e4 {[%clk 1:00:14]} 18. Ba3 {[%clk 0:55:04]} Ng6 {[%clk
0:58:23]} 19. Na2 {[%clk 0:48:16]} f4 {[%clk 0:53:16]} 20. exf4 {[%clk 0:45:35]}
gxf4 {[%clk 0:53:01]} 21. Bf1 {[%clk 0:38:59]} f3 {[%clk 0:51:03]} 22. Qd1 {[%clk
0:38:43]} Bh3 {[%clk 0:47:20]} 23. Re3 {[%clk 0:38:03]} Nf4 {[%clk 0:41:14]} 24.
Rb2 {[%clk 0:30:41]} Bg2 {[%clk 0:36:06]} 25. Bxg2 {[%clk 0:30:32]} Nxg2 {[%clk
0:35:41]} 26. Kh1 {[%clk 0:25:25]} Nxe3 {[%clk 0:29:53]} 27. fxe3 {[%clk
0:25:49]} Qh3 {[%clk 0:29:42]} 0-1